Les 13 joueurs les plus titrés de l'histoire du foot - Statistiques

Statistiques générales
  • Ce quiz a été pris 1 856 fois
  • Le résultat moyen est 5 sur 13
Statistiques - réponses
Classement Titres Réponse % Correct
2e 42 titres Lionel Messi
100%
9e 34 titres Cristiano Ronaldo
98%
1er 43 titres Dani Alves
76%
3e 39 titres Andres Iniesta
64%
10e 34 titres Xavi
61%
6e 35 titres Gerard Pique
44%
8e 34 titres Sergio Busquets
39%
13e 32 titres Zlatan Ibrahimovic
28%
4e 37 titres Maxwell
12%
5e 36 titres Ryan Giggs
12%
7e 35 titres Kenny Dalglish
2%
11e 33 titres Vitor Baia
1%
12e 33 titres Oleksandr Shovkovskiy
0%
Aucun quiz correspondant
Distribution des résultats
% des personnes avec chaque résultat
Percentile par nombre de réponses
Votre historique - résultats
Vous n’avez pas pris ce quiz